| 000 | 03279cam a22003614a 4500 | ||
|---|---|---|---|
| 999 |
_c173036 _d173036 |
||
| 001 | 16477944 | ||
| 003 | Nust | ||
| 005 | 20180117090020.0 | ||
| 008 | 100927s2011 enka b 001 0 eng | ||
| 010 | _a 2010040919 | ||
| 020 | _a9781107004412 (hardback) | ||
| 040 |
_aDLC _cDLC _dDLC |
||
| 042 | _apcc | ||
| 050 | 0 | 0 |
_aJF1351 _b.O86 2011 |
| 082 | 0 | 0 |
_a351 _222 |
| 100 | 1 |
_aO'Toole, Laurence J., _d1948- |
|
| 245 | 1 | 0 |
_aPublic management : _borganizations, governance, and performance / _cLaurence J. O'Toole and Kenneth J. Meier. |
| 260 |
_aCambridge ; _aNew York : _bCambridge University Press, _c2011. |
||
| 300 |
_axiv, 317 p. : _bill. ; _c26 cm. |
||
| 504 | _aIncludes bibliographical references (p. 291-308) and index. | ||
| 505 | 8 | _aMachine generated contents note: List of figures; List of tables; Preface; 1. Public management and performance: an evidence-based perspective; 2. A model of public management and a source of evidence; 3. Public management in interdependent settings: networks, managerial networking and performance; 4. Managerial quality and performance; 5. Internal management and performance: stability, human resources and decision making; 6. Nonlinearities in public management: the role of managerial capacity and organizational buffering; 7. Public management in intergovernmental networks: managing structural networks and managerial networking; 8. Public management and performance: what we know, and what we need to know; Glossary; References; Index. | |
| 520 |
_a"How effective are public managers as they seek to influence how public organizations deliver policy results? How, and how much, is management related to the performance of public programs? What aspects of management can be distinguished? Can their separable contributions to performance be estimated? The fate of public policies in today's world lies in the hands of public organizations, which in turn are often intertwined with others in latticed patterns of governance. Collectively, these organizations are expected to generate performance in terms of policy outputs and outcomes. In this book, two award-winning researchers investigate the effectiveness of management in the public sector. Firstly, they develop a systematic theory on how effective public managers are in shaping policy results. The rest of the book then tests this theory against a wide range of evidence, including a data set of 1,000 public organizations"-- _cProvided by publisher. |
||
| 650 | 0 | _aPublic management. | |
| 650 | 0 |
_aAdministrative agencies _xManagement. |
|
| 700 | 1 |
_aMeier, Kenneth J., _d1950- |
|
| 856 | 4 | 2 |
_3Contributor biographical information _uhttp://www.loc.gov/catdir/enhancements/fy1101/2010040919-b.html |
| 856 | 4 | 2 |
_3Publisher description _uhttp://www.loc.gov/catdir/enhancements/fy1101/2010040919-d.html |
| 856 | 4 | 1 |
_3Table of contents only _uhttp://www.loc.gov/catdir/enhancements/fy1101/2010040919-t.html |
| 906 |
_a7 _bcbc _corignew _d1 _eecip _f20 _gy-gencatlg |
||
| 942 |
_2ddc _cBK |
||